| 000 | 00448nam a2200145 4500 | ||
|---|---|---|---|
| 999 |
_c11408 _d11408 |
||
| 008 | 181123b ||||| |||| 00| 0 eng d | ||
| 022 | _a2094-8042 | ||
| 082 | _aDPer 050 T48 Apr-June 2016 v. 59-60 | ||
| 100 |
_932714 _aBegley, Sarah |
||
| 245 |
_aAre you there, Allah? it's me, Cindy/ _cSarah Begley. |
||
| 260 |
_aHong Kong; _bTime Asia, _cc2016. |
||
| 300 |
_av187 n15, page 44: _billustrations; _c27cm. |
||
| 650 | 0 |
_932715 _a1 |
|
| 942 |
_2ddc _cPER |
||